02712nam a2200385Ia 4500952009900000952009800099952009800197952009800295952009800393952009800491952011000589952011000699952011300809999001700922008004100939020001500980050001900995100003801014245005701052250001901109260003601128300003601164505063801200519007501838519008101913519004401994519004502038519004502083519004502128519004502173519004502218519004402263650001202307942000702319 00102lcc4070a04b04d2011-05-12l0oK232.S6 F54 p04 003292r2013-05-22t1w2012-06-24yLB 00102lcc4070a04b04d2011-07-18l0oK232.S6 F54p04 003429r2013-05-22t2w2012-06-24yLB 00102lcc4070a04b04d2011-07-18l0oK232.S6 F54p04 003430r2013-05-22t3w2012-06-24yLB 00102lcc4070a04b04d2011-07-18l0oK232.S6 F54p04 003431r2013-05-22t4w2012-06-24yLB 00102lcc4070a04b04d2011-07-18l0oK232.S6 F54p04 003432r2013-05-22t5w2012-06-24yLB 00102lcc4070a04b04d2011-07-18l0oK232.S6 F54p04 003433r2013-05-22t6w2012-06-24yLB 00102lcc4070a04b04d2011-07-18l1oK232.S6 F54p04 003434r2015-12-02s2015-12-02t7w2012-06-24yLB 00102lcc4070a04b04d2011-12-01l3oK232.S6 F54p04 003805r2015-03-27s2015-02-04t8w2012-06-24yLB 00102lcc4070a04b04d2015-05-26l3m1oK232.S6 F54p04 005198r2018-03-24s2018-03-22t9w2015-05-26yLB c62778d62778120625s2004 mx 001 0 spa d a9700747867 4aK232.S6 bF54 1 aFigueroa, Luis Mauricioe , autor14aLas fuentes del derecho c / Luis Mauricio Figueroa  a1a. edición  aMéxicob : Porrúa c , 2004 aviii, 165 páginas c ; 21 cm.0 aDerecho y justicia. Etimología de ambos vocablos El derecho Las normas Las fuentes La legislación El derecho transitorio El derecho extraordinario Valor de la fe de erratas La costumbre (Consuetudo) Las buenas costumbres Los estándares jurídicos La jurisprudencia ¿Las lagunas de la ley o las lagunas del derecho? La doctrina Los principios generales del Derecho (La equidad) Los refranes, los adagios, los brocardos, los axiomas, los postulados y las proposiciones El usus fori o usos forales La práctica extrajudicial Los órdenes jurídicos nacionales y los sistemas de supletoriedad e integración  aPlan Flexible / bDerecho / cTópicos Actuales (P36) / d(04 003292) aEducación Mixta / bDerecho / cTópicos Actuales (P36-3) / d(04 005198) aMaterial Complementario / d(04 003429) aMaterial Complementario / d(04 003430)  aMaterial Complementario / d(04 003431)  aMaterial Complementario / d(04 003432)  aMaterial Complementario / d(04 003433)  aMaterial Complementario / d(04 003434)  aMaterial Complementario / d(04 003805) 4aDERECHO cLB